Jean-Michel Boehler, La Terre, le ciel et les hommes à l’époque moderne. Des réalités de la plaine d’Alsace aux horizons européens, Strasbourg, Publications de la Société Savante d’Alsace, coll. « Recherches et documents, 73 », 2004, 729 p., 30 €, isbn 2904920344 (notice n° 1585294)
[ vue normale ]
| 000 -LEADER | |
|---|---|
| fixed length control field | 00738cam a2200145 4500500 |
| 005 - DATE AND TIME OF LATEST TRANSACTION | |
| control field | 20251228053357.0 |
| 041 ## - LANGUAGE CODE | |
| Language code of text/sound track or separate title | fre |
| 042 ## - AUTHENTICATION CODE | |
| Authentication code | dc |
| 100 10 - MAIN ENTRY--PERSONAL NAME | |
| Personal name | Delleaux, Fulgence |
| Relator term | author |
| 245 00 - TITLE STATEMENT | |
| Title | Jean-Michel Boehler, La Terre, le ciel et les hommes à l’époque moderne. Des réalités de la plaine d’Alsace aux horizons européens, Strasbourg, Publications de la Société Savante d’Alsace, coll. « Recherches et documents, 73 », 2004, 729 p., 30 €, isbn 2904920344 |
| 260 ## - PUBLICATION, DISTRIBUTION, ETC. | |
| Date of publication, distribution, etc. | 2005.<br/> |
| 500 ## - GENERAL NOTE | |
| General note | 9 |
| 786 0# - DATA SOURCE ENTRY | |
| Note | Histoire & Sociétés Rurales | 24 | 2 | 2005-10-01 | p. 171y-276y | 1254-728X |
| 856 41 - ELECTRONIC LOCATION AND ACCESS | |
| Uniform Resource Identifier | <a href="https://shs.cairn.info/revue-histoire-et-societes-rurales-2005-2-page-171y?lang=fr&redirect-ssocas=7080">https://shs.cairn.info/revue-histoire-et-societes-rurales-2005-2-page-171y?lang=fr&redirect-ssocas=7080</a> |
Pas d'exemplaire disponible.




Réseaux sociaux